Kdo zabezpečí péči o naše seniory

Starnutie obyvateľstva a vývoj počtu príjemcov príspevku na starostlivosť. Očakávaný vývoj počtu príjemcov príspevku na starostlivosť. Zamestnanosť v oblasti služieb sociálnej starostlivosti. Odhad vývoja počtu pracovníkov v oblasti služieb sociálnej starostlivosti.

Enregistré dans:
Détails bibliographiques
Auteur principal: Průša, Ladislav
Format: Chapitre de livre
Langue:tchèque
Sujets:
Tags: Ajouter un tag
Pas de tags, Soyez le premier à ajouter un tag!

MARC

LEADER 00000naa a2200000 4500
001 0254303
005 20190527142214.4
041 0 |a cze 
044 |a CZ 
245 1 0 |a Kdo zabezpečí péči o naše seniory  |c Ladislav Průša 
520 |a Starnutie obyvateľstva a vývoj počtu príjemcov príspevku na starostlivosť. Očakávaný vývoj počtu príjemcov príspevku na starostlivosť. Zamestnanosť v oblasti služieb sociálnej starostlivosti. Odhad vývoja počtu pracovníkov v oblasti služieb sociálnej starostlivosti. 
610 2 0 |a starnutie populácie 
610 2 0 |a seniori 
610 2 0 |a starostlivosť sociálna 
610 2 0 |a služby starostlivosti sociálnej 
610 2 0 |a služby sociálne 
610 2 0 |a zamestnanosť 
610 2 0 |a prognózy 
610 2 0 |a Česko 
100 1 |a Průša, Ladislav